Metodický návod k aplikácii zmeny metódy oceňovania zásob v konkrétnej účtovnej jednotke pôsobiacej v oblasti výroby v SR diplomová práca

Salvato in:
Dettagli Bibliografici
Autore principale: Kubišová, Simona
Ente Autore: Fakulta hospodárskej informatiky EU. Katedra účtovníctva a audítorstva
Altri autori: Podmanická, Martina, 1977-
Natura: Libro
Lingua:slovacco
Pubblicazione: Bratislava 2025
Tags: Aggiungi Tag
Nessun Tag, puoi essere il primo ad aggiungerne!!

MARC

LEADER 00000nbm a2200000 4500
001 0310585
005 20251208123726.7
041 0 |a slo 
044 |a SK 
245 1 0 |a Metodický návod k aplikácii zmeny metódy oceňovania zásob v konkrétnej účtovnej jednotke pôsobiacej v oblasti výroby v SR  |b diplomová práca  |c Simona Kubišová ; školiteľ: Martina Podmanická 
264 1 |a Bratislava  |c 2025 
300 |a 54 s. 
100 1 |a Kubišová, Simona 
700 1 |a Podmanická, Martina, 1977- 
710 2 |a Fakulta hospodárskej informatiky EU. Katedra účtovníctva a audítorstva